SURVEY OF WORLD CULTURES (Record no. 20538)

MARC details
000 -LEADER
fixed length control field 00419nam a22001577a 4500
003 - CONTROL NUMBER IDENTIFIER
control field OSt
005 - DATE AND TIME OF LATEST TRANSACTION
control field 20211129112359.0
008 - FIXED-LENGTH DATA ELEMENTS--GENERAL INFORMATION
fixed length control field 211129b |||||||| |||| 00| 0 eng d
040 ## - CATALOGING SOURCE
Transcribing agency HAWASSA UNIVERSITY
050 ## - LIBRARY OF CONGRESS CALL NUMBER
Classification number 963/LIP
Item number 1
082 ## - DEWEY DECIMAL CLASSIFICATION NUMBER
Classification number 963/LIP
Item number 1
100 ## - MAIN ENTRY--PERSONAL NAME
Personal name LIPSKY A. GEORGE
Fuller form of name LIPSKY A. GEORGE
9 (RLIN) 20916
245 ## - TITLE STATEMENT
Title SURVEY OF WORLD CULTURES
260 ## - PUBLICATION, DISTRIBUTION, ETC.
Place of publication, distribution, etc. NEW HAVEN
Name of publisher, distributor, etc. HRAF PRESS
Date of publication, distribution, etc. 1962
942 ## - ADDED ENTRY ELEMENTS (KOHA)
Source of classification or shelving scheme Dewey Decimal Classification
Koha item type Books like text book referance book
Suppress in OPAC No
Holdings
Withdrawn status Lost status Source of classification or shelving scheme Damaged status Not for loan Home library Current library Date acquired Total Checkouts Full call number Barcode Date last seen Copy number Price effective from Koha item type
    Dewey Decimal Classification     College of Agriculture Library College of Agriculture Library 11/29/2021   963/LIP ALIB0007421 11/29/2021 1 11/29/2021 Books like text book referance book